000 00479nam a2200121Ia 4500
008 220620s9999||||xx |||||||||||||| ||und||
245 0 _aCocaine
_bFrom Coca Fields to the Streets
546 _aEnglish[eng]
650 _aSocial Science||Sociology||History||Latin America||Social Science||Anthropology||Cultural & Social
700 _aArias, Enrique Desmond||Grisaffi, Thomas
856 _uhttps://library.oapen.org/bitstream/20.500.12657/52910/1/external_content.pdf
942 _cEB
999 _c23303
_d23303